Monografía histórica del Centro del Ejército y de la Armada / (Record no. 45436)
[ view plain ]
| 000 -LEADER | |
|---|---|
| campo de control de longitud fija | 00582nam a2200169 i 4500 |
| 001 - NÚMERO DE CONTROL | |
| campo de control | 45436 |
| 003 - IDENTIFICADOR DE NÚMERO DE CONTROL | |
| campo de control | ES-MaACL |
| 005 - FECHA Y HORA DE LA ÚLTIMA TRANSACCIÓN | |
| campo de control | 20230906161222.0 |
| 007 - CAMPO FIJO DE DESCRIPCIÓN FÍSICA--INFORMACIÓN GENERAL | |
| campo de control de longitud fija | t| |
| 008 - DATOS DE LONGITUD FIJA--INFORMACIÓN GENERAL | |
| campo de control de longitud fija | 030326s1902 sp ||||1| spa d |
| 100 1# - ENTRADA PRINCIPAL--NOMBRE DE PERSONA | |
| Nombre de persona | Coll y Astrell, Joaquin. |
| 9 (RLIN) | 39635 |
| 245 10 - MENCIÓN DEL TÍTULO | |
| Título | Monografía histórica del Centro del Ejército y de la Armada / |
| Mención de responsabilidad, etc. | por Joaquin Coll y Astrell. |
| 260 ## - PUBLICACIÓN, DISTRIBUCIÓN, ETC. | |
| Lugar de publicación, distribución, etc. | Madrid : |
| Nombre del editor, distribuidor, etc. | [s.n.], |
| Fecha de publicación, distribución, etc. | 1902 ( |
| Fabricante | Imp. de Administración Militar) |
| 300 ## - DESCRIPCIÓN FÍSICA | |
| Extensión | 751 p., 22 lam. : |
| Otras características físicas | il. ; |
| Dimensiones | 26 cm. |
| 610 24 - PUNTO DE ACCESO ADICIONAL DE MATERIA--NOMBRE DE ENTIDAD CORPORATIVA | |
| Nombre de entidad corporativa o nombre de jurisdicción como elemento de entrada | Centro del Ejército y de la Armada (Madrid) |
| 9 (RLIN) | 137469 |
| 852 ## - LOCALIZACIÓN | |
| Ubicación | ES-MaACL |
| Número de control de estantería | G-10177 |
| Estatus retirado | Estado de pérdida | Estado de daño | No para préstamo | Biblioteca de origen | Biblioteca actual | Ubicación en estantería | Fecha de adquisición | Fuente de adquisición | Total de préstamos | Signatura topográfica completa | Código de barras | Visto por última vez | Precio de reemplazo | Tipo de ítem Koha |
|---|---|---|---|---|---|---|---|---|---|---|---|---|---|---|
| Biblioteca del Ateneo de Madrid | Biblioteca del Ateneo de Madrid | Sala Pecera Planta 3 | 17/01/2008 | G-10177 | 1047808 | 23/02/2023 | 23/02/2023 | Libro impreso |
